| 000 | 01060cam a22003137a 4500 | ||
|---|---|---|---|
| 003 | CHAP | ||
| 005 | 20220329141605.0 | ||
| 008 | 971013s1984 r 00010 d | ||
| 010 | _a70635 | ||
| 011 | _a71607 | ||
| 035 | _a81161 | ||
| 040 | _cCHAP | ||
| 090 | _aFolleto 8978 | ||
| 100 | 0 | 0 |
_aCalderón Tinoco, Jesús. _917426 |
| 245 | 0 |
_aFisiología III inmunología _b: los sistemas moleculares de defensa y los procesos vitales |
|
| 260 |
_aMéxico, D. F. : _bCECSA, _c1984 |
||
| 300 |
_a73 p. _b: ilus. ; gráfs. |
||
| 590 |
_aBATCH-UPD _b10 _c20130110 _lUCH01 _h0611 |
||
| 590 |
_aBATCH-UPD _b10 _c20130110 _lUCH01 _h2309 |
||
| 590 |
_aBATCH-UPD _b10 _c20130410 _lUCH01 _h0253 |
||
| 590 |
_aBATCH-UPD _b10 _c20130914 _lUCH01 _h0817 |
||
| 590 |
_aCONVERSION _b10 _c20130109 _lUCH01 _h1339 |
||
| 650 | 1 | 4 |
_aAntigenos y anticuerpos. _96080 |
| 650 | 1 | 4 |
_aInmunidad. _958814 |
| 901 | _aBK | ||
| 942 | _cFOLL | ||
| 949 |
_aFolleto 8978 _bBC _cFOLL _d-34350 _eTS1 _gI.c/e _i81161 _si _t450.00 |
||
| 949 |
_aFolleto 8978 _bBC _cFOLL _d-34351 _eTS2 _fc.2 _gI.c/e _i81161 _si _t450.00 |
||
| 999 |
_c70635 _d70635 |
||